Tình hình kinh tế - xã hội 6 tháng đầu năm 2008 /

Αποθηκεύτηκε σε:
Λεπτομέρειες βιβλιογραφικής εγγραφής
Κύριος συγγραφέας: Nguyễn Đức.
Μορφή: Άρθρο
Γλώσσα:Vietnamese
Θέματα:
Ετικέτες: Προσθήκη ετικέτας
Δεν υπάρχουν, Καταχωρήστε ετικέτα πρώτοι!
Thư viện lưu trữ: Thư viện Trường Đại học Đà Lạt
LEADER 00779nam a2200265 4500
001 DLU090103192
005 ##20091230
040 # # |a DLU  |b vie 
041 # # |a vie 
044 # # |a vn 
100 # # |a Nguyễn Đức. 
245 # # |a Tình hình kinh tế - xã hội 6 tháng đầu năm 2008 /  |c Nguyễn Đức. 
653 # # |a Đầu tư nước ngoài 
653 # # |a Hàng hóa xuất khẩu 
653 # # |a Tăng trưởng kinh tế 
773 # # |t Quản lí nhà nước  |g Số7(150), 2008, tr. 2-5 
920 # # |a Phòng Tạp chí -- Trung tâm Thông tin - Thư viện Trường Đại học Đà Lạt 
994 # # |a DLU 
900 # # |a True 
911 # # |a Nguyễn Thị Linh Chi 
925 # # |a G 
926 # # |a A 
927 # # |a BB 
980 # # |a Thư viện Trường Đại học Đà Lạt